000 00986nac a22003257a 4500
001 BR0805111
003 BR-BrBNA
005 20240105123629.0
008 230509b bl.|||m| |||| 00| 0 por d
040 _aBR-BrBNA
_bpor
_cBiblioteca Nacional de Agricultura
072 _aS40
090 _a0335 BR0805111
100 1 _aFirmino, P. de T.
100 1 _aSilva, A.C.
100 1 _aSousa, M.E.R. de
110 1 _aEMBRAPA Algodão, Campina Grande, PB (Brasil)
_93546
245 1 _aGergelim: alternativa alimentar para a merenda escolar
260 3 _aCampina Grande, PB (Brasil):
_c2005.
300 _a29 p.
490 _aDocumento - EMBRAPA Algodão (Brazil)
_vno. 144
_xISSN 0103-0205
500 _a10 ref.; 7 illus.
650 _aGERGELIM
650 _aESCOLA
650 _aNUTRIÇÃO HUMANA
650 _aALIMENTO ALTERNATIVO
650 _aTECNOLOGIA DE ALIMENTO
650 _aCULINÁRIA
909 _a202312
_bLúcia Elande
_c55
_dLúcia Elande
942 _2AGRIS
_n0
_cMS
999 _c296297
_d296297